000
00331nam a2200133Ia 4500
008
240624s9999 xx 000 0 und d
041
_a
eng
082
_a
823 ANA
100
_a
ANANDANI RUKMANI
245
_a
MYSTERIOUS DEATH AT SAINIK FARMS
260
_c
2012
_a
New Delhi
_b
Rupa
300
_a
240 : p. : cm. ; 20
365
_c
RS
_b
30
999
_c
19780
_d
19780